| 000 | 02375nam a2200229 a 4500 | ||
|---|---|---|---|
| 001 | 000036667 | ||
| 005 | 20200930075849.0 | ||
| 008 | 120124s2010 cl ad 000 0 spa d | ||
| 020 | _a9789213234228 | ||
| 040 |
_aDO-SdBNP _bspa _cBNPHU |
||
| 082 |
_axxx _bC966c |
||
| 245 | 0 | 0 |
_aEl cuidado en acción : _bentre el derecho y el trabajo / _ccoordinadoras Sonia Montaño Virreira, Coral Calderón Magaña ; prólogo Alicia Bárcena. |
| 260 |
_aSantiago de Chile, : _bNaciones Unidas, CEPAL _bAgencia Española de Cooperación _bFondo de Desarrollo de las Naciones Unidas, _c2010. |
||
| 300 |
_a230p. : _bil., diagrs. ; _c24 cm. |
||
| 490 | 1 |
_aCuadernos de la CEPAL _v94 |
|
| 520 | _a"En este libro se exploran distintas aristas acerca del cuidado en la región, en el marco de los acuerdos del Consenso de Quito aprobado por los gobiernos en la décima Conferencia Regional sobre la Mujer de América Latina y el Caribe. La inserción masiva y acelerada de la mujer en el mercado de trabajo, ha chocado con varios obstáculos: la debilidad de las políticas públicas para promover las responsabilidades compartidas, la insuficiencia de servicios de cuidado, la dificultad de los hombres para compartir las tareas del hogar, la persistencia de prejuicios en las empresas, la sociedad y los medios. Gracias a los cambios educativos, demográficos y culturales las mujeres han salido de los hogares para buscar ingresos, aunque las políticas públicas han tardado en responder. El ingreso disponible en los hogares es cada vez más escaso y esta nueva realidad social ha hecho que "el cuidado" en la sociedad se convierta en tema clave para lograr la igualdad entre hombres y mujeres. La llamada crisis del cuidado--sostiene Sonia Montaño--no es otra cosa que un síntoma de emancipación de las mujeres y cuestiona el supuesto de su disponibilidad constante. Ni el tiempo es elástico, ni las mujeres pueden seguir dotando a la sociedad de los cuidados que necesita. ¿Qué hacer entonces con las niñas y niños, con los adultos mayores que requieren compañía, con los enfermos crónicos, las personas con discapacidad?". | ||
| 504 | _aIncluye referencias bibliográficas y notas a pie página. | ||
| 700 | 1 |
_aMontaño, Sonia _962946 |
|
| 700 | 1 |
_aCalderón Magaña, Coral, _962947 |
|
| 700 | 1 |
_aBárcena, Alicia, _epról. _953433 |
|
| 830 | 0 |
_aCuadernos de la CEPAL _v94 _93079 |
|
| 999 |
_c36158 _d36158 |
||